000
00283nam a22000977a 4500
999
_c
515308
_d
515308
082
_a
TNC BA27x54 K128
100
_a
Kamble, N. D.
_9
20667
245
_a
Atrocities on scheduled castes :
_b
In post independent India
_c
by N. D. Kamble
260
_a
New Delhi
_b
Ashish
_c
1981
300
_a
528p.